| 000 | 06157nam a22005057a 4500 | ||
|---|---|---|---|
| 005 | 20121231120039.0 | ||
| 008 | 121231t xxu||||| |||| 00| 0 hin d | ||
| 010 | _aB-487115-135 | ||
| 020 |
_a8185023530 _c200.00 |
||
| 035 | _aB-487115-135 | ||
| 037 | _bब्लूबेरी बुक्स | ||
| 040 |
_aDPL _bHN |
||
| 082 | _aक | ||
| 100 |
_aपण्ड्या, गौरीशंकर _923632 |
||
| 245 |
_aसंसार के धर्मों की जन्म-कहानियाँ / _cगौरीशंकर पण्ड्या |
||
| 246 |
_aSansar ke Dharmon ki janam Kahaniyan _bby Gaurishankar Pandya |
||
| 260 |
_aनई दिल्ली _bशारदा प्रकाशन _c2012 |
||
| 270 |
_a16/एफ-3, अंसारी रोड, दरियागंज, _bनई दिल्ली _e110002 _k23280234 |
||
| 300 |
_a126पृ. _c22सेमी (सजिल्द) |
||
| 650 | _9657 | ||
| 942 |
_2ddc _cHN _hक _mपण्ड्या |
||
| 999 |
_c48432 _d48432 |
||